[Event "Hyderabad U1500 op 3rd"]
[Site "Hyderabad"]
[Date "2018.12.10"]
[Round "9.3"]
[White "Akavaram, Aashish Reddy"]
[Black "Suresh, Bondalapati"]
[Result "1-0"]
[WhiteElo "1451"]
[BlackElo "1391"]
[PlyCount "62"]
[EventDate "2018.12.08"]
[EventType "swiss"]
[EventRounds "9"]
[EventCountry "IND"]
[SourceTitle "EXT 2024"]
[Source "ChessBase"]
[SourceDate "2023.10.10"]
[SourceVersion "1"]
[SourceVersionDate "2023.10.10"]
[SourceQuality "1"]

1. c4 Nf6 2. g3 g6 3. Bg2 Bg7 4. Nf3 0-0 5. 0-0 c5 6. Nc3 Nc6 7. d3 d6 8. e4 e5 9. h3 h6 10. a3 a6 11. Rb1 Nd4 12. Nxd4 cxd4 13. Ne2 Bd7 14. f4 Qc8 15. Kh2 b5 16. b3 a5 17. cxb5 Bxb5 18. a4 Ba6 19. Ba3 Qd7 20. fxe5 dxe5 21. Bxf8 Rxf8 22. b4 axb4 23. Rxb4 Ra8 24. Qb3 Nh7 25. Rb6 Nf8 26. h4 h5 27. Bh3 Qa7 28. a5 Qe7 29. Ng1 Qa7 30. Nf3 Bh6 31. Nxd4 exd4 1-0